000 00514nam a2200193Ia 4500
003 OSt
005 20250829095733.0
008 210210b1976 xxu||||| |||| 00| 0 eng d
040 _cAL
041 _aKannada
082 _aK894.2 BHAS
100 _aBHATTANARAYANA.
_dಭಟ್ಟನಾರಾಯಣ
_9237502
245 _aSirimudi.
_bಸಿರಿಮುಡಿ
260 _aMangaluru
_bRatnakara Prakashana
_c1976
300 _axiv,88
690 _aKannada Drama
_9237503
906 _aSG01206
942 _2ddc
_cSG
999 _c112474
_d112474